[Event "NRW Class2 1819"]
[Site "Germany"]
[Date "2018.10.14"]
[Round "2.5"]
[White "Hanhoerster, Stephan"]
[Black "Klauke, Stefan"]
[Result "1-0"]
[WhiteElo "1986"]
[BlackElo "2119"]
[PlyCount "65"]
[EventDate "2018.09.16"]
[EventType "team-tourn"]
[EventRounds "9"]
[EventCountry "GER"]
[SourceTitle "EXT 2022"]
[Source "ChessBase"]
[SourceDate "2021.10.06"]
[SourceVersion "1"]
[SourceVersionDate "2021.10.06"]
[SourceQuality "1"]
[WhiteTeam "Guetersloh"]
[BlackTeam "Iserlohn Koenigsspringer"]
[WhiteTeamCountry "GER"]
[BlackTeamCountry "GER"]

1. e4 e5 2. Nf3 Nc6 3. Bb5 Nge7 4. d4 exd4 5. 0-0 g6 6. c3 dxc3 7. Nxc3 Bg7 8. Bg5 0-0 9. Bxc6 bxc6 10. Qd2 d6 11. Rfe1 f6 12. Bf4 c5 13. Nd5 Be6 14. b4 cxb4 15. Nd4 Bf7 16. Bh6 Nxd5 17. Bxg7 Kxg7 18. exd5 Bxd5 19. Nf5+ gxf5 20. Qxd5 Qd7 21. Re3 Rae8 22. Rd1 f4 23. Rf3 Re5 24. Qd4 a5 25. Qxf4 Qe6 26. Qc1 Rf7 27. h3 Qxa2 28. Rg3+ Kh8 29. Rxd6 Re8 30. Qc6 Ref8 31. Rd5 b3 32. Qe6 Rg7 33. Qxf6 1-0

[Event "NRW Class1 1718"]
[Site "Germany"]
[Date "2018.03.11"]
[Round "7.6"]
[White "Klauke, Stefan"]
[Black "Broehl, Stephan"]
[Result "1-0"]
[WhiteElo "2091"]
[BlackElo "2101"]
[PlyCount "47"]
[EventDate "2017.09.17"]
[EventType "team-tourn"]
[EventRounds "9"]
[EventCountry "GER"]
[SourceTitle "EXT 2019"]
[Source "ChessBase"]
[SourceDate "2018.10.10"]
[SourceVersion "1"]
[SourceVersionDate "2018.10.10"]
[SourceQuality "1"]
[WhiteTeam "Iserlohn Koenigsspringer"]
[BlackTeam "Niederkassel"]
[WhiteTeamCountry "GER"]
[BlackTeamCountry "GER"]

1. e4 c6 2. Nc3 d5 3. Nf3 dxe4 4. Nxe4 Nf6 5. Nxf6+ exf6 6. d4 Bd6 7. Be2 0-0 8. 0-0 Re8 9. Be3 Nd7 10. c4 Nf8 11. Qc2 Ng6 12. Rfe1 Nf4 13. Bf1 Bg4 14. Bxf4 Bxf4 15. Rxe8+ Qxe8 16. Re1 Qb8 17. h3 Bxf3 18. gxf3 g6 19. c5 f5 20. Qb3 Qc7 21. Bc4 b5 22. cxb6 axb6 23. d5 cxd5 24. Bxd5 1-0

[Event "Oberliga NRW 1617"]
[Site "Germany"]
[Date "2017.03.05"]
[Round "7.5"]
[White "Klauke, Stefan"]
[Black "Marcziter, Dmitrii"]
[Result "0-1"]
[WhiteElo "2155"]
[BlackElo "2275"]
[PlyCount "46"]
[EventDate "2016.09.25"]
[EventType "team-tourn"]
[EventRounds "9"]
[EventCountry "GER"]
[SourceTitle "EXT 2020"]
[Source "ChessBase"]
[SourceDate "2019.10.17"]
[SourceVersion "1"]
[SourceVersionDate "2019.10.17"]
[SourceQuality "1"]
[WhiteTeam "Iserlohn Koenigsspringer"]
[BlackTeam "Aachen Aufwaerts II"]
[WhiteTeamCountry "GER"]
[BlackTeamCountry "GER"]

1. e4 c5 2. d4 cxd4 3. Nf3 a6 4. c3 dxc3 5. Nxc3 e6 6. Bc4 Nc6 7. 0-0 Qc7 8. Qe2 Bd6 9. Rd1 Ne5 10. Nxe5 Bxe5 11. g3 b5 12. Bb3 Nf6 13. Be3 0-0 14. Rac1 Qb8 15. f3 Bb7 16. Rd2 Re8 17. Rcd1 h6 18. Bc5 d5 19. exd5 Bxc3 20. dxe6 Kh8 21. bxc3 fxe6 22. Re1 e5 23. Bf7 Qc7 0-1

[Event "NRW Class1 1516"]
[Site "Germany"]
[Date "2016.02.14"]
[Round "6.5"]
[White "Sponheim, Marko"]
[Black "Klauke, Stefan"]
[Result "0-1"]
[WhiteElo "1972"]
[BlackElo "2099"]
[PlyCount "110"]
[EventDate "2015.09.27"]
[EventType "team-tourn"]
[EventRounds "9"]
[EventCountry "GER"]
[SourceTitle "EXT 2017"]
[Source "ChessBase"]
[SourceDate "2016.10.25"]
[SourceVersion "1"]
[SourceVersionDate "2016.10.25"]
[SourceQuality "1"]
[WhiteTeam "Duisburg"]
[BlackTeam "Iserlohn Koenigsspringer"]
[WhiteTeamCountry "GER"]
[BlackTeamCountry "GER"]

1. e4 c5 2. Nf3 Nf6 3. Nc3 d5 4. exd5 Nxd5 5. Bb5+ Bd7 6. Bxd7+ Qxd7 7. 0-0 Nc6 8. d4 Nxc3 9. bxc3 e6 10. Be3 cxd4 11. cxd4 Be7 12. Qd2 0-0 13. Rfd1 Rfd8 14. c4 Bf6 15. Rab1 b6 16. Qe2 Rac8 17. d5 exd5 18. Rxd5 Qe6 19. Rbd1 Na5 20. Rxd8+ Bxd8 21. Qd2 h6 22. c5 Nc4 23. Qc1 Nxe3 24. Qxe3 Qxe3 25. fxe3 bxc5 26. Ne5 Bc7 27. Nc4 Kf8 28. Rd5 Ke7 29. g3 Bb6 30. a4 Rd8 31. Re5+ Kf6 32. Kf2 Rd1 33. a5 Bxa5 34. Rxc5 Bd8 35. Rc6+ Ke7 36. Ra6 Bb6 37. Nxb6 axb6 38. Rxb6 Rd2+ 39. Kf3 Rxh2 40. Ra6 Rd2 41. Rb6 Rd6 42. Rb7+ Ke6 43. Ra7 g5 44. g4 f5 45. Rh7 fxg4+ 46. Kxg4 Ke5 47. Kh5 Re6 48. Ra7 Ke4 49. Ra3 Kf3 50. Rb3 Re4 51. Kxh6 g4 52. Kh5 g3 53. Rb8 Kxe3 54. Rb3+ Kf2 55. Rb2+ Re2 0-1

[Event "GER CupT V4"]
[Site "Braunschweig"]
[Date "2015.01.10"]
[Round "1.4"]
[White "Heyder, Florian"]
[Black "Klauke, Stefan"]
[Result "0-1"]
[WhiteElo "2157"]
[BlackElo "2120"]
[PlyCount "134"]
[EventDate "2015.01.10"]
[EventType "team-k.o."]
[EventRounds "2"]
[EventCountry "GER"]
[SourceTitle "EXT 2019"]
[Source "ChessBase"]
[SourceDate "2018.10.10"]
[SourceVersion "1"]
[SourceVersionDate "2018.10.10"]
[SourceQuality "1"]
[WhiteTeam "Sangerhausen"]
[BlackTeam "Iserlohn Koenigsspringer"]
[WhiteTeamCountry "GER"]
[BlackTeamCountry "GER"]

1. e4 c5 2. Nf3 Nf6 3. e5 Nd5 4. c3 Nc6 5. d4 cxd4 6. cxd4 d6 7. Bc4 dxe5 8. dxe5 e6 9. 0-0 Be7 10. Qe2 Nb6 11. Rd1 Bd7 12. Bd3 Nb4 13. Be4 N4d5 14. Nbd2 Qc7 15. Nb3 0-0 16. Ng5 h6 17. Nf3 Rac8 18. Bd2 Rfd8 19. Bd3 Bf8 20. Qe4 f5 21. exf6 Nxf6 22. Qh4 Bc6 23. Be2 g5 24. Nxg5 hxg5 25. Bxg5 Rxd1+ 26. Rxd1 Qg7 27. Rd3 Ne4 28. Bf4 Nd5 29. Bd2 Ndf6 30. Qh3 Kf7 31. Nd4 Bd5 32. Bh5+ Nxh5 33. Qxh5+ Kg8 34. Bf4 Bd6 35. Bh6 Nf6 36. Qh3 Qg4 37. b3 Qxh3 38. Rxh3 Kf7 39. Bd2 Rg8 40. g3 a6 41. Kf1 Be5 42. Rh4 Rg4 43. Rxg4 Nxg4 44. Nc2 Nxh2+ 45. Ke2 Bf3+ 46. Ke3 Bd1 47. Na3 Nf1+ 48. Kd3 Nxd2 49. Kxd2 Bf3 50. Nc4 Bd4 51. Ke1 Kf6 52. Kf1 e5 53. Nd2 Bd5 54. Ke2 Kf5 55. f3 a5 56. Nf1 a4 57. bxa4 Bc4+ 58. Ke1 Bxa2 59. Ke2 Bd5 60. Ne3+ Bxe3 61. Kxe3 b6 62. f4 e4 63. Kd4 Bc6 64. Ke3 Bxa4 65. g4+ Kxg4 66. Kxe4 b5 67. f5 Bc2+ 0-1

[Event "NRW Class2 1415"]
[Site "Germany"]
[Date "2014.10.05"]
[Round "2.6"]
[White "Juegel, Marcel"]
[Black "Klauke, Stefan"]
[Result "1-0"]
[WhiteElo "2162"]
[BlackElo "2095"]
[PlyCount "80"]
[EventDate "2014.09.14"]
[EventType "team-tourn"]
[EventRounds "9"]
[EventCountry "GER"]
[SourceTitle "EXT 2017"]
[Source "ChessBase"]
[SourceDate "2016.10.25"]
[SourceVersion "1"]
[SourceVersionDate "2016.10.25"]
[SourceQuality "1"]
[WhiteTeam "Aachen Aufwaerts II"]
[BlackTeam "Iserlohn Koenigsspringer"]
[WhiteTeamCountry "GER"]
[BlackTeamCountry "GER"]

1. d4 d5 2. Nf3 Nc6 3. Bf4 Bg4 4. e3 e6 5. Bb5 Bd6 6. h3 Bxf3 7. Qxf3 Nge7 8. c3 0-0 9. Bd3 f5 10. Qg3 Bxf4 11. exf4 Rf6 12. Nd2 Qd6 13. Nf3 Rg6 14. Qh2 Rh6 15. 0-0-0 Rb8 16. Rhg1 b5 17. g4 b4 18. c4 dxc4 19. Bxc4 Na5 20. g5 Rh5 21. Be2 b3 22. a3 Qc6+ 23. Kd2 Qc2+ 24. Ke1 Qxb2 25. Nd2 g6 26. Nb1 Rd8 27. Qg3 Rxd4 28. Rxd4 Qxd4 29. Bxh5 gxh5 30. Qe3 Qxe3+ 31. fxe3 c5 32. Ke2 Kf7 33. Rc1 c4 34. e4 fxe4 35. Nd2 Nd5 36. Nxe4 c3 37. Kd3 c2 38. Re1 Nxf4+ 39. Kd2 Nc4+ 40. Kc3 Nd5+ 1-0

[Event "NRW Class1 1314"]
[Site "Germany"]
[Date "2013.11.17"]
[Round "3.6"]
[White "Bussard, Christian"]
[Black "Klauke, Stefan"]
[Result "0-1"]
[WhiteElo "2126"]
[BlackElo "2059"]
[PlyCount "102"]
[EventDate "2013.09.15"]
[EventType "team-tourn"]
[EventRounds "9"]
[EventCountry "GER"]
[SourceTitle "EXT 2015"]
[Source "ChessBase"]
[SourceDate "2014.11.20"]
[SourceVersion "1"]
[SourceVersionDate "2014.11.20"]
[SourceQuality "1"]
[WhiteTeam "Niederkassel"]
[BlackTeam "Iserlohn Koenigsspringer"]
[WhiteTeamCountry "GER"]
[BlackTeamCountry "GER"]

1. e4 e5 2. Nf3 Nc6 3. Bc4 Nf6 4. Ng5 Bc5 5. Nxf7 Bxf2+ 6. Kf1 Qe7 7. Nxh8 d5 8. exd5 Bg4 9. Be2 Bxe2+ 10. Qxe2 Nd4 11. Qxf2 0-0-0 12. b3 Rxh8 13. c3 Ng4 14. Ba3 Qd7 15. cxd4 Nxf2 16. Kxf2 Qg4 17. Nc3 Qf4+ 18. Ke1 exd4 19. Ne2 Re8 20. Kd1 Qg4 21. Re1 d3 22. Kc1 dxe2 23. Bc5 Qxg2 24. Be3 Qxh2 25. Kc2 h6 26. Rac1 g5 27. Kb1 Kd7 28. Rc3 Rf8 29. Bg1 Rf1 30. Bxh2 Rxe1+ 31. Kc2 Rh1 32. Bg3 Rg1 33. Bf2 e1Q 34. Bxe1 Rxe1 35. Rh3 Re5 36. Rxh6 Rxd5 37. Rh7+ Kd6 38. Rg7 b6 39. d4 a5 40. Kc3 Rf5 41. a4 c6 42. Rg8 Kd5 43. Re8 Rf3+ 44. Kc2 Kxd4 45. Rd8+ Kc5 46. Rg8 Kb4 47. Rxg5 Rf2+ 48. Kd3 Kxb3 49. Rg6 Rc2 50. Rh6 Rc3+ 51. Kd2 Rc5 0-1

[Event "Vellmar op-A 5th"]
[Site "Vellmar"]
[Date "2013.07.26"]
[Round "2"]
[White "Klauke, Stefan"]
[Black "Langheinrich, Ferenc"]
[Result "1/2-1/2"]
[WhiteElo "2125"]
[BlackElo "2434"]
[PlyCount "124"]
[EventDate "2013.07.25"]
[EventType "swiss"]
[EventRounds "7"]
[EventCountry "GER"]
[SourceTitle "EXT 2015"]
[Source "ChessBase"]
[SourceDate "2014.11.20"]
[SourceVersion "1"]
[SourceVersionDate "2014.11.20"]
[SourceQuality "1"]

1. e4 c6 2. d4 d5 3. Nc3 dxe4 4. Nxe4 Nd7 5. Nf3 Ngf6 6. Nxf6+ Nxf6 7. Be2 e6 8. 0-0 c5 9. Bg5 Qb6 10. Qd3 Be7 11. dxc5 Qxc5 12. Qb5+ Qxb5 13. Bxb5+ Bd7 14. Bxd7+ Nxd7 15. Rad1 Nc5 16. Rfe1 Rc8 17. Bxe7 Kxe7 18. c3 Na4 19. Rd2 Rhd8 20. Nd4 Kf6 21. f4 h6 22. Re5 a6 23. Rde2 Rd6 24. f5 Rc5 25. Rxc5 Nxc5 26. fxe6 fxe6 27. Rf2+ Ke7 28. Re2 Kd7 29. Re3 Na4 30. Re2 b5 31. Nf3 Rd1+ 32. Kf2 Rb1 33. Ne5+ Kd6 34. Nd3 e5 35. Ke3 Nb6 36. Ke4 Nd7 37. Kf5 a5 38. Nxe5 Nxe5 39. Rd2+ Kc5 40. Kxe5 a4 41. Kf5 Ra1 42. a3 Rb1 43. Kg6 Kc4 44. Kxg7 Kb3 45. Kxh6 Rxb2 46. Rxb2+ Kxb2 47. g4 Kxa3 48. g5 Kb2 49. g6 a3 50. g7 a2 51. g8Q a1Q 52. Qg2+ Kb3 53. Qd5+ Kc2 54. Qf5+ Kd2 55. Qf4+ Kd3 56. Qd4+ Kc2 57. Qe4+ Kd2 58. Qd5+ Kc2 59. Qxb5 Qxc3 60. h4 Qf6+ 61. Kh5 Qh8+ 62. Kg4 Qd4+ 1/2-1/2

[Event "Vellmar op-A 5th"]
[Site "Vellmar"]
[Date "2013.07.26"]
[Round "3"]
[White "Klauke, Stefan"]
[Black "Piankov, Evgenij"]
[Result "0-1"]
[WhiteElo "2125"]
[BlackElo "2264"]
[PlyCount "110"]
[EventDate "2013.07.25"]
[EventType "swiss"]
[EventRounds "7"]
[EventCountry "GER"]
[SourceTitle "EXT 2015"]
[Source "ChessBase"]
[SourceDate "2014.11.20"]
[SourceVersion "1"]
[SourceVersionDate "2014.11.20"]
[SourceQuality "1"]

1. e4 c6 2. d4 d5 3. Nc3 g6 4. Nge2 Bg7 5. exd5 cxd5 6. g3 Nc6 7. Bg2 e6 8. 0-0 Nge7 9. Bf4 a6 10. Qd2 Nf5 11. Be3 0-0 12. Nd1 Nxe3 13. Nxe3 b5 14. c3 Bb7 15. a3 Na5 16. Rae1 Nc4 17. Nxc4 bxc4 18. g4 Rb8 19. Ng3 Bc8 20. f4 Bf6 21. Re2 Rb6 22. Rf3 Bh4 23. Rfe3 Qc7 24. Rf2 Bd7 25. Ree2 Qd8 26. f5 Qg5 27. fxe6 fxe6 28. Rxf8+ Kxf8 29. Rf2+ Kg8 30. Qe2 Rb8 31. Qf3 Qe7 32. Qf4 Rf8 33. Qxf8+ Qxf8 34. Rxf8+ Kxf8 35. Ne2 Bg5 36. Kf2 Bd2 37. Kg3 g5 38. h3 Ke7 39. Kf2 Be8 40. Bf3 Bg6 41. Kf1 Kd6 42. Kf2 Bd3 43. Bg2 Kc6 44. Ng1 Bc1 45. Nf3 Kd6 46. Ne5 Bc2 47. Bf1 Bxb2 48. Nf7+ Ke7 49. Nxg5 Bxa3 50. Ke1 Bc1 51. Nf3 a5 52. Be2 a4 53. Ne5 a3 54. Nc6+ Kf6 55. Nb4 Bb3 0-1

[Event "NRW Class2 1213"]
[Site "Germany"]
[Date "2013.03.10"]
[Round "7.5"]
[White "Klauke, Stefan"]
[Black "Rott, Georg"]
[Result "1/2-1/2"]
[WhiteElo "2130"]
[BlackElo "2093"]
[PlyCount "41"]
[EventDate "2012.09.16"]
[EventType "team-tourn"]
[EventRounds "9"]
[EventCountry "GER"]
[SourceTitle "EXT 2017"]
[Source "ChessBase"]
[SourceDate "2016.10.25"]
[SourceVersion "1"]
[SourceVersionDate "2016.10.25"]
[SourceQuality "1"]
[WhiteTeam "Iserlohn Koenigsspringer"]
[BlackTeam "Muenster"]
[WhiteTeamCountry "GER"]
[BlackTeamCountry "GER"]

1. e4 e6 2. d4 d5 3. Nc3 Bb4 4. exd5 exd5 5. Qf3 Ne7 6. Bd3 c5 7. dxc5 Nd7 8. Bd2 Nxc5 9. 0-0-0 0-0 10. Nh3 Nxd3+ 11. Qxd3 d4 12. Ne4 Bxd2+ 13. Rxd2 Qd5 14. c4 Qa5 15. b3 Rd8 16. Nf4 Bf5 17. g4 Bxe4 18. Qxe4 Qc3+ 19. Rc2 Qb4 20. Re1 Nc6 21. Nd5 1/2-1/2

[Event "NRW Class2 1213"]
[Site "Germany"]
[Date "2012.11.18"]
[Round "3.5"]
[White "Klauke, Stefan"]
[Black "Nissen, Claus"]
[Result "1-0"]
[WhiteElo "2130"]
[BlackElo "2144"]
[PlyCount "63"]
[EventDate "2012.09.16"]
[EventType "team-tourn"]
[EventRounds "9"]
[EventCountry "GER"]
[SourceTitle "EXT 2017"]
[Source "ChessBase"]
[SourceDate "2016.10.25"]
[SourceVersion "1"]
[SourceVersionDate "2016.10.25"]
[SourceQuality "1"]
[WhiteTeam "Iserlohn Koenigsspringer"]
[BlackTeam "Oberhausen"]
[WhiteTeamCountry "GER"]
[BlackTeamCountry "GER"]

1. e4 e6 2. d4 d5 3. Nc3 Bb4 4. exd5 exd5 5. Bd3 c5 6. a3 Ba5 7. Nf3 cxd4 8. Nxd4 Nc6 9. Be3 Nf6 10. 0-0 0-0 11. h3 Bc7 12. Nce2 Re8 13. c3 Ne4 14. Bc2 a6 15. Bf4 Ne5 16. Ng3 Qf6 17. Bxe5 Qxe5 18. Bxe4 dxe4 19. Re1 f5 20. Qb3+ Kh8 21. Rad1 Qf6 22. Qc4 Be5 23. Nf1 Qg6 24. Qd5 Bf6 25. Ng3 f4 26. Nxe4 Bxd4 27. cxd4 Bxh3 28. Ng5 Bf5 29. Nf7+ Kg8 30. Nh6+ Kh8 31. Nxf5 Red8 32. Qe4 1-0

[Event "NRW Class2 0910"]
[Site "Germany"]
[Date "2010.02.21"]
[Round "7.4"]
[White "Van Dooren, Dirk"]
[Black "Klauke, Stefan"]
[Result "1/2-1/2"]
[WhiteElo "2299"]
[BlackElo "2159"]
[PlyCount "90"]
[EventDate "2009.09.20"]
[EventType "team-tourn"]
[EventRounds "9"]
[EventCountry "GER"]
[SourceTitle "EXT 2011"]
[Source "ChessBase"]
[SourceDate "2010.11.26"]
[SourceVersion "1"]
[SourceVersionDate "2010.11.26"]
[SourceQuality "1"]
[WhiteTeam "Aachen Aufwaerts"]
[BlackTeam "Iserlohn Koenigsspringer"]
[WhiteTeamCountry "GER"]
[BlackTeamCountry "GER"]

1. e4 e5 2. f4 Qh4+ 3. g3 Qe7 4. d3 exf4 5. Bxf4 d6 6. Nc3 Nf6 7. Qd2 h6 8. 0-0-0 Nc6 9. Nd5 Qd8 10. Qc3 Be7 11. Nxe7 Qxe7 12. Nf3 Bg4 13. Bg2 0-0-0 14. Rde1 Qe6 15. Kb1 Bh3 16. Bxh3 Qxh3 17. Nd4 Nxd4 18. Qxd4 Kb8 19. Be3 b6 20. Qc3 Rhe8 21. Bd4 Re6 22. Ref1 Qg2 23. Qe1 d5 24. Bxf6 gxf6 25. Rf2 Qh3 26. Qf1 Qxf1+ 27. Rhxf1 dxe4 28. dxe4 Rxe4 29. Kc1 Rd6 30. Rxf6 Re1+ 31. Rxe1 Rxf6 32. Kd2 Kc8 33. Re4 Kd7 34. Ke3 Rf5 35. b4 a5 36. g4 Rb5 37. c3 axb4 38. cxb4 f5 39. Rd4+ Ke6 40. gxf5+ Rxf5 41. Rh4 h5 42. Rc4 Re5+ 43. Kd3 Kd6 44. a4 Rd5+ 45. Ke3 b5 1/2-1/2

[Event "NRW Class2 0910"]
[Site "Germany"]
[Date "2009.09.20"]
[Round "1.4"]
[White "Mueller, Michael2222"]
[Black "Klauke, Stefan"]
[Result "1-0"]
[WhiteElo "2198"]
[BlackElo "2159"]
[PlyCount "55"]
[EventDate "2009.09.20"]
[EventType "team-tourn"]
[EventRounds "9"]
[EventCountry "GER"]
[SourceTitle "EXT 2011"]
[Source "ChessBase"]
[SourceDate "2010.11.26"]
[SourceVersion "1"]
[SourceVersionDate "2010.11.26"]
[SourceQuality "1"]
[WhiteTeam "Duesseldorf"]
[BlackTeam "Iserlohn Koenigsspringer"]
[WhiteTeamCountry "GER"]
[BlackTeamCountry "GER"]

1. e4 e5 2. d4 exd4 3. Qxd4 Nc6 4. Qe3 d6 5. Nc3 Be6 6. Bd2 Qd7 7. f4 f6 8. Bb5 a6 9. Ba4 Nge7 10. 0-0-0 0-0-0 11. Nf3 b5 12. Bb3 Bxb3 13. axb3 g6 14. Nd5 Bg7 15. Bc3 Rhf8 16. Rhe1 Rde8 17. Qd3 Kb8 18. g3 Ng8 19. Nd4 Nxd4 20. Qxd4 Ne7 21. Nb4 Qc8 22. Kd2 Rd8 23. Nd5 Nxd5 24. exd5 Rfe8 25. Ra1 Rxe1 26. Rxe1 Re8 27. Rxe8 Qxe8 28. g4 1-0